Tortora's principles of anatomy & physiology / (رقم التسجيلة. 79523)

تفاصيل مارك
000 -الفاتح
حقل البيانات ثابتة الطول 02227cam a2200433Ii 4500
001 - رقم الضبط
رقم الضبط 990424568
003 - محدد رقم الضبط
رقم الضبط OCoLC
005 - وقت وتاريخ اخر تعامل مع التسجيلة
رقم الضبط 20210306175325.0
008 - عناصر البيانات ثابتة الطول - معلومات عامة
حقل البيانات ثابتة الطول 170605s2017 njua 001 0 eng d
020 ## - الرقم الدولى المعيارى للكتب
الرقم الدولى المعيارى للكتاب 9788126567614
035 ## - رقم ضبط النظام
رقم ضبط النظام (OCoLC)990424568
040 ## - مصدر الفهرسة
وكالة الفهرسة الأصلية QCL
لغة الفهرسة eng
قواعد الوصف rda
وكالة النسخ QCL
وكالة التعديل Z8E
-- EQO
-- OCLCO
-- OCLCF
-- EZ9
-- OCLCO
-- PHUST
-- OCLCO
-- CCNDG
-- OCLCA
-- COO
-- OCLCO
050 #4 - رقم طلب مكتبة الكونجرس
رقم التصنيف QP34.5 .T638p 2017
060 00 - رقم الطلب بالمكتبة الطبية الوطنية
رقم التصنيف QS 4
رقم المادة T712p 2014
082 ## - رقم تصنيف ديوى العشرى
رقم الطبعة 22
رقم التصنيف 612
رقم المادة TGT
096 ## - رقم استدعاء المكتبة الطبية الوطنية المحلى
رقم التصنيف QS 4
رقم المادة T712p 2017
100 1# - المدخل الرئيسى - إسم شخصى
الإسم الشخصى Tortora, Gerard J.,
الدور author
9 (RLIN) 38025
240 10 - العنوان الموحد
عنوان موحد <a href="Principles of anatomy and physiology">Principles of anatomy and physiology</a>
245 10 - بيان العنوان
العنوان Tortora's principles of anatomy & physiology /
بيان المسئوليه,etc Gerard J. Tortora, Bryan Derrickson
246 30 - العنوان الموازى
عنوان صحيح/عنوان مختصر Principles of anatomy & physiology
246 3# - العنوان الموازى
عنوان صحيح/عنوان مختصر Principles of anatomy and physiology
250 ## - بيان الطبعة
بيان الطبعة 15th edition, Global edition
264 #1 - النشر, التوزيع, ETC. (IMPRINT)
مكان الناشر او الموزع Hoboken, NJ :
اسم الناشر او الموزع John Wiley & Sons, Inc.,
تاريخ النشر أو التوزيع [2017]
300 ## - الوصف المادى
التعداد xii, 989, [81] pages :
تفاصيل ماديه اخرى للوعاء illustrations (colour) ;
أبعاد الوعاء 28cm +
المادة المصاحبة 1 supplement (195 pages : illustrations (black and white) ; 28 cm)
500 ## - تبصرة عامة
تبصرة عامة Includes index
500 ## - تبصرة عامة
تبصرة عامة Previous edition: 2014
500 ## - تبصرة عامة
تبصرة عامة Originally published as: Principles of anatomy and physiology, [1975]
500 ## - تبصرة عامة
تبصرة عامة "The content provided in this textbook is based on Tortora and Derrickson's Principles of anatomy and physiology 15th edition [2017]. John Wiley & Sons Singapore Pte. Ltd." --Title page verso
500 ## - تبصرة عامة
تبصرة عامة Accompanied by supplement: Tortora's principles of anatomy & physiology : study guide / Gerard J. Tortora, Bryan Derrickson. (Hoboken, NJ : John Wiley & Sons, Inc., [2017])
520 8# - التبصرة الخاصة بالتعليق أو التلخيص
ملخص,الخ This is designed as an introductory course and assumes no prior knowledge by the student. Completely revised, it includes some new and innovative learning devices, and interesting, new clinical applications
650 #0 - المدخل الاضافى بالموضوع-مصطلح موضوعى
مصطلح موضوعي أو اسم جغرافي كعنصر مدخل Human physiology
9 (RLIN) 88722
650 #0 - المدخل الاضافى بالموضوع-مصطلح موضوعى
مصطلح موضوعي أو اسم جغرافي كعنصر مدخل Human anatomy
9 (RLIN) 88723
650 #2 - المدخل الاضافى بالموضوع-مصطلح موضوعى
مصطلح موضوعي أو اسم جغرافي كعنصر مدخل Anatomy
9 (RLIN) 88724
650 #2 - المدخل الاضافى بالموضوع-مصطلح موضوعى
مصطلح موضوعي أو اسم جغرافي كعنصر مدخل Physiological Phenomena
9 (RLIN) 88725
700 1# - المدخل الاضافى - اسم شخصى
الإسم الشخصى Derrickson, Bryan,
الدور author
9 (RLIN) 88726
700 1# - المدخل الاضافى - اسم شخصى
الإسم الشخصى Tortora, Gerard J.
عنوان العمل Tortora's principles of anatomy & physiology : study guide
9 (RLIN) 88727
700 1# - المدخل الاضافى - اسم شخصى
الإسم الشخصى Tortora, Gerard J.
عنوان العمل Principles of anatomy & physiology
9 (RLIN) 88728
942 ## - عناصر المدخل الإضافي( كوها)
مصدر التصنيف او مخطط الترفيف Dewey Decimal Classification
Koha [default] item type كتاب
المقتنيات
حالة الفقد نموذج السعر الفعال حالة تلف ليس للاعارة رقم الطلب تاريخ الاكتساب الموقع الحالي الباركود الفرع الرئيسي Date last seen نوع المادة فى نظام كوها مصدر التصنيف او خطة الترفيف Total Checkouts رقم النسخة Date last checked out
  2021-03-06     612 TGT 2021-03-06 المكتبة المركزية بالمجمعة (CL) 00168009 المكتبة المركزية بالمجمعة (CL) 2021-03-06 كتاب Dewey Decimal Classification      
  2021-03-06     612 TGT 2021-03-06 المكتبة المركزية بالمجمعة (CL) 00168010 المكتبة المركزية بالمجمعة (CL) 2021-03-06 كتاب Dewey Decimal Classification      
  2021-03-06     612 TGT 2021-03-06 المكتبة المركزية بالمجمعة (CL) 00168011 المكتبة المركزية بالمجمعة (CL) 2021-03-06 كتاب Dewey Decimal Classification      
  2021-03-06     612 TGT 2021-03-06 المكتبة المركزية بالمجمعة (CL) 00168012 المكتبة المركزية بالمجمعة (CL) 2021-03-06 كتاب Dewey Decimal Classification   Study Guide v. 2  
  2021-03-06     612 TGT 2021-03-06 المكتبة المركزية بالمجمعة (CL) 00168013 المكتبة المركزية بالمجمعة (CL) 2021-03-06 كتاب Dewey Decimal Classification   Study Guide v. 2  
  2021-03-06     612 TGT 2021-03-06 المكتبة المركزية بالمجمعة (CL) 00168014 المكتبة المركزية بالمجمعة (CL) 2021-03-06 كتاب Dewey Decimal Classification   Study Guide v. 2  
  2021-03-07     612 TGT 2021-03-07 مكتبة كلية العلوم الطبية التطبيقية بالمجمعة - طالبات (AMF) 00168054 مكتبة كلية العلوم الطبية التطبيقية بالمجمعة - طالبات (AMF) 2021-03-07 كتاب Dewey Decimal Classification      
  2021-03-07     612 TGT 2021-03-07 مكتبة كلية العلوم الطبية التطبيقية بالمجمعة - طالبات (AMF) 00168055 مكتبة كلية العلوم الطبية التطبيقية بالمجمعة - طالبات (AMF) 2025-01-13 كتاب Dewey Decimal Classification 1   2023-01-10
  2021-03-07     612 TGT 2021-03-07 مكتبة كلية العلوم الطبية التطبيقية بالمجمعة - طالبات (AMF) 00168056 مكتبة كلية العلوم الطبية التطبيقية بالمجمعة - طالبات (AMF) 2021-03-07 كتاب Dewey Decimal Classification   V .2  
  2021-03-07     612 TGT 2021-03-07 مكتبة كلية العلوم الطبية التطبيقية بالمجمعة - طالبات (AMF) 00168057 مكتبة كلية العلوم الطبية التطبيقية بالمجمعة - طالبات (AMF) 2021-03-07 كتاب Dewey Decimal Classification   V .2  
  2021-03-07     612 TGT 2021-03-07 مكتبة مجمع الكليات بالزلفى - طلاب (SZM) 00168058 مكتبة مجمع الكليات بالزلفى - طلاب (SZM) 2021-03-07 كتاب Dewey Decimal Classification      
  2021-03-07     612 TGT 2021-03-07 مكتبة مجمع الكليات بالزلفى - طلاب (SZM) 00168059 مكتبة مجمع الكليات بالزلفى - طلاب (SZM) 2021-03-07 كتاب Dewey Decimal Classification      
  2021-03-07     612 TGT 2021-03-07 مكتبة مجمع الكليات بالزلفى - طلاب (SZM) 00168060 مكتبة مجمع الكليات بالزلفى - طلاب (SZM) 2021-03-07 كتاب Dewey Decimal Classification   V .2  
  2021-03-07     612 TGT 2021-03-07 مكتبة مجمع الكليات بالزلفى - طلاب (SZM) 00168061 مكتبة مجمع الكليات بالزلفى - طلاب (SZM) 2021-03-07 كتاب Dewey Decimal Classification   V .2